000
00307nam a2200121Ia 4500
008
220120s9999||||xx |||||||||||||| ||und||
082
_a
530 RAJ
100
_a
Rajendran, V
245
0
_a
Engineering physics
260
_a
Tata mcgraw hill company Ltd
_b
New Delhi
_c
2011
300
_b
0
650
_a
MATHEMATICS
999
_c
136942
_d
136942